[Event "IECC M email"]
[Site "IECC email"]
[Date "1998.10.03"]
[Round "?"]
[White "Kuch, Matthew"]
[Black "Blank, Brian"]
[Result "0-1"]
[WhiteElo "1350"]
[BlackElo "1367"]
[PlyCount "87"]
[EventDate "1998.??.??"]
[EventType "tourn (corr)"]
[EventRounds "12"]
[SourceTitle "Corr 2008"]
[Source "ChessBase"]
[SourceDate "2008.06.24"]
[SourceVersion "1"]
[SourceVersionDate "2008.06.24"]
[SourceQuality "1"]

1. Nf3 Nf6 2. g3 Nc6 3. d4 d5 4. Bg2 Bf5 5. 0-0 Nb4 6. Na3 e6 7. c3 Nc6 8. Nc2 Be4 9. Nh4 Bxg2 10. Kxg2 Na5 11. Nf3 Bd6 12. Qd3 0-0 13. Bg5 Be7 14. Bxf6 Bxf6 15. e4 dxe4 16. Qxe4 Qd5 17. Qe2 Rfd8 18. Ne3 Qe4 19. Rfe1 a6 20. Kg1 b5 21. Nd2 Qb7 22. b4 Nc6 23. Ng4 Be7 24. Nf3 a5 25. a3 axb4 26. axb4 Rxa1 27. Rxa1 Bd6 28. Nd2 Ne7 29. Ne5 Nd5 30. Ne4 f5 31. Ng5 c6 32. Qh5 g6 33. Nxg6 Qd7 34. Re1 Nf6 35. Qh3 hxg6 36. Rxe6 Kg7 37. Qf1 Re8 38. Qe1 Ne4 39. Rxe8 Qxe8 40. Nxe4 Qxe4 41. Qxe4 fxe4 42. Kf1 Kf6 43. h3 Ke6 44. Ke2 0-1